000 00620nam a22002177a 4500
003 UA-OsUOA
001 122295
007 ta
008 20170424b un ||||| |||| 00| 0 ukr d
100 _aМеркулов М.
090 _a82
_bМ52
942 _cSA
040 _aUA-OsUOA
_bukr
_cUA-OsUOA
_dUA-OsUOA
245 _aТема мандрів у творчості Климентія Зиновієва і Григорія Сковороди
300 _aС.61-69
955 _a0
041 _aukr
080 _a82
773 0 _w122288
650 7 _a82 Література. Літературознавство
_2UDC
999 _c408520
_d408520